Основания российской словесности (Запись № 5168046)

Подробности
000 -МАРКЕР
контрольное поле 01888nam1a22003731i 4500
001 - ИДЕНТИФИКАТОР ЗАПИСИ
контрольное поле v19\rc\2112382
005 - ИДЕНТИФИКАТОР ВЕРСИИ
контрольное поле 20241102090329.0
035 ## - ДРУГИЕ СИСТЕМНЫЕ НОМЕРА
Идентификатор записи (NLR Aleph) 005186175
100 ## - ДАННЫЕ ОБЩЕЙ ОБРАБОТКИ
Данные общей обработки 20090914d1828 a||y0rusy50 ca
101 0# - ЯЗЫК РЕСУРСА
Язык текста, звукозаписи и т.д. русский
102 ## - СТРАНА ПУБЛИКАЦИИ ИЛИ ПРОИЗВОДСТВА
Страна публикации Российская Федерация
140 ## - ПОЛЕ КОДИРОВАННЫХ ДАННЫХ: СТАРОПЕЧАТНЫЕ ИЗДАНИЯ - ОБЩАЯ ИНФОРМАЦИЯ
Кодированные данные о старопечатном издании - Основные y y kc yaa0000
200 1# - ЗАГЛАВИЕ И СВЕДЕНИЯ ОБ ОТВЕТСТВЕННОСТИ
Основное заглавие Основания российской словесности
205 ## - СВЕДЕНИЯ ОБ ИЗДАНИИ
Сведения об издании Шестое издание
210 ## - ПУБЛИКАЦИЯ, РАСПРОСТРАНЕНИЕ И ДР.
Место издания, распространения и т.д. Санктпетербург
Имя издателя, распространителя и т. д. в типографии Ивана Глазунова
Дата издания, распространения и т.д. 1828
215 ## - ФИЗИЧЕСКАЯ ХАРАКТЕРИСТИКА
Специфическое обозначение материала и объем 2 ч.
Размеры
300 ## - ОБЩИЕ ПРИМЕЧАНИЯ
Текст примечания Ценз.: И. Я. Ветринский, 13 дек. 1827 г.
300 ## - ОБЩИЕ ПРИМЕЧАНИЯ
Текст примечания На с.[3-4] в ч.1 предуведомление авт. с подписью: "А. Никольской"
300 ## - ОБЩИЕ ПРИМЕЧАНИЯ
Текст примечания Кн. предназначена для морских училищ (указано в предуведомлении на с.[3-4] в ч.1)
300 ## - ОБЩИЕ ПРИМЕЧАНИЯ
Текст примечания Загл. частей указаны на шмуцтит.
300 ## - ОБЩИЕ ПРИМЕЧАНИЯ
Текст примечания В ч.1 имеются ошибки в колонцифрах
620 ## - МЕСТО И ДАТА ПУБЛИКАЦИИ, ИСПОЛНЕНИЯ И Т. Д.
Страна Санкт-Петербург
700 #1 - ИМЯ ЛИЦА - ПЕРВИЧНАЯ ОТВЕТСТВЕННОСТЬ
Графика поля Кириллица
Материалы, к которым относится поле rus
Начальный элемент ввода Никольский
Часть имени, кроме начального элемента ввода А. С.
Дополнения к именам, кроме дат писатель
Даты 1755-1834
Расширение инициалов личного имени Александр Сергеевич
Системный номер авторитетной/нормативной записи 237504
Идентификатор авторитетной/нормативной записи RU\NLR\AUTH\770237560
702 #1 - ИМЯ ЛИЦА - ВТОРИЧНАЯ ОТВЕТСТВЕННОСТЬ
Код отношения Печатник (типограф)
Графика поля Кириллица
Материалы, к которым относится поле rus
Начальный элемент ввода Глазунов
Часть имени, кроме начального элемента ввода И. П.
Даты 1762-1831
Расширение инициалов личного имени Иван Петрович
Системный номер авторитетной/нормативной записи 170958
Идентификатор авторитетной/нормативной записи RU\NLR\AUTH\770171008
702 #1 - ИМЯ ЛИЦА - ВТОРИЧНАЯ ОТВЕТСТВЕННОСТЬ
Код отношения Цензор
Графика поля Кириллица
Материалы, к которым относится поле rus
Начальный элемент ввода Ветринский
Часть имени, кроме начального элемента ввода И. Я.
Даты 1787-1849
Расширение инициалов личного имени Иродион Яковлевич
Системный номер авторитетной/нормативной записи 260871
Идентификатор авторитетной/нормативной записи RU\NLR\AUTH\770260927
712 00 - НАИМЕНОВАНИЕ ОРГАНИЗАЦИИ - ВТОРИЧНАЯ ОТВЕТСТВЕННОСТЬ
Код отношения Печатник (типограф)
Начальный элемент ввода Глазунов,
Идентифицирующий признак Петербург
Инверсированный элемент Иван Петрович,
Часть наименования, отличная от начального элемента ввода и от инверсированного элемента типография
Системный номер авторитетной/нормативной записи 711198
Идентификатор авторитетной/нормативной записи RU\NLR\AUTH\880524858
790 #1 - ИМЯ ЛИЦА - АЛЬТЕРНАТИВНАЯ ФОРМА
Связь между полями z01700
Начальный элемент ввода Никольской
Часть имени, кроме начального элемента ввода А.
801 #0 - ИСТОЧНИК ЗАПИСИ
Страна Российская Федерация
Организация NLR
Правила каталогизации psbo
801 #1 - ИСТОЧНИК ЗАПИСИ
Страна Российская Федерация
Организация ProSoft-M
Источник данных rusmarc
852 ## - МЕСТОНАХОЖДЕНИЕ И ШИФР ХРАНЕНИЯ
Идентификатор организации NLR
Шифр хранения (Call Number) 18.41.5.39
852 ## - МЕСТОНАХОЖДЕНИЕ И ШИФР ХРАНЕНИЯ
Идентификатор организации NLR
Шифр хранения (Call Number) 130/5649
942 ## - ДОПОЛНИТЕЛЬНЫЕ ЭЛЕМЕНТЫ ЗАПИСИ (АБИС)
Тип экземпляра АБИС Книга

Нет доступных экземпляров.